La Donna Sposata Mille mogli accusano

-д хадгалсан:
Номзүйн дэлгэрэнгүй
Үндсэн зохиолч: Lieta Harrison
Формат: Ном
Хэл сонгох:Тодорхойгүй
Хэвлэсэн: Feltrinelli
Шошгууд: Шошго нэмэх
Шошго байхгүй, Энэхүү баримтыг шошголох эхний хүн болох!

MARC

LEADER 00000nam a2200000Ia 4500
001 R-1021
003 CODICE-MESSINA
005 20260212102501.0
008 260211s9999 xx 000 0 und d
040 |c importazione_messina 
100 |a Lieta Harrison 
245 0 |a La Donna Sposata 
245 0 |b Mille mogli accusano 
260 |b Feltrinelli 
942 |2 ddc  |c BK 
952 |0 0  |1 0  |2 ddc  |4 0  |6 SCAFFALE_10_000000000000000__ROMANZI  |7 0  |9 31850  |a ME  |b ME  |d 2026-02-11  |l 0  |o SCAFFALE 10 - ROMANZI  |p R-1021  |r 2026-02-11 23:52:49  |w 2026-02-11  |x [REVISIONARE]  |y BK 
999 |c 27515  |d 27515